| 000 | 00516nam a2200181Ia 4500 | ||
|---|---|---|---|
| 001 | 7749 | ||
| 005 | 20260306160518.0 | ||
| 008 | 260306t2016||||xx |||||||||||||| ||spa|| | ||
| 041 | _aESP | ||
| 082 |
_a361.06 _bM86 |
||
| 100 |
_aMoreno González, Ascensión _eAUT |
||
| 245 | 0 |
_aLa mediación artística: _barte para la transformación social, la inclusión social y el desarrollo comunitario |
|
| 260 | _c2016 | ||
| 300 |
_a159 páginas : _c21 cm. |
||
| 650 | _aGEN | ||
| 654 | _aCHU | ||
| 942 |
_cLIB _dJUS _fJUS _2ddc _n |
||
| 999 |
_c7749 _d7749 |
||